00773nam a2200217 a 4500008004100000020002200041100003100063245010600094260003000200300002400230440005300254504004100307500002000348650005300368650004200421650003400463700003100497003000100528005001700529040000900546  a0720122147 (pbk.)1 aO'Connell Davidson, Julia.10aPrivatization and employment relations :bthe case of the water industry /cJulia O'Connell Davidson. aLondon :bMansell,c1993. ax, 229 p. ;c24 cm. 0aEmployment and work relations in context series. aIncludes bibliographical references. aIncludes index. 0aWaterworkszGreat BritainxPersonnel management. 0aWaterworkszGreat BritainxEmployees. 0aPrivatizationzGreat Britain. aDavidson, Julia O'Connell.20230123133249.0 cNUST